000 01097nam a2200313 a 4500
001 60830
003 BD-RjUL
005 20211209080904.0
008 170103s1999 nyua b 001 0 eng
020 _a0415921929
020 _z0415921937 (pb : acid-free paper)
035 _a(BD-RjUL)60954
040 _aDLC
_cDLC
_dBD-RjUL
_beng
041 _aeng
082 0 0 _a394.1
_223
_bCOA 1999
100 1 _aCounihan, Carole M.
_d1948-
_9181307
245 1 4 _aThe anthropology of food and body :
_bgender, meaning, and power /
_cCarole M. Counihan.
260 _aNew York :
_bRoutledge,
_cc1999.
300 _aviii, 256 p. :
_bill. ;
_c24 cm.
504 _aIncludes bibliographical references (p. 225-244) and index.
650 0 _aFood habits
_xCross-cultural studies.
_9181308
650 0 _aFood habits
_zItaly.
_9181309
650 0 _aFood habits
_zUnited States.
_9181310
650 0 _aSex role
_xCross-cultural studies.
_9181311
650 0 _aWomen
_zUnited States
_xSocial conditions.
_9171113
650 0 _aWomen
_zItaly
_xsocial conditions.
_9181312
942 _2ddc
_cBK
999 _c60830
_d60830